| 000 | 00562nam a2200217 a 4500 | ||
|---|---|---|---|
| 001 | BRL_1209 | ||
| 005 | 20190320211102.0 | ||
| 008 | 281113s1969----enka######---#000-0#eng-# | ||
| 041 | _aeng | ||
| 044 | _aenk | ||
| 050 | 4 |
_aBL802 _b.P47 1969 |
|
| 100 | 1 |
_aPerowne, Stewart _926128 |
|
| 245 | 1 | 0 |
_aRoman mythology _cStewart Perowne. |
| 260 |
_aLondon _bPaul Hamlyn _c1969 |
||
| 300 |
_a141 p. _bil. (algunas a color) _c29 cm. |
||
| 500 | _aAu1397 | ||
| 504 | _aBibliografĂa: p. 138 | ||
| 650 | 1 | 4 |
_aMitologĂa romana _926129 |
| 902 | _aGRL | ||
| 942 |
_2lcc _cB |
||
| 999 |
_c10021 _d10021 |
||